| 000 | 01943nam a2200277 a 4500 | ||
|---|---|---|---|
| 001 | BRCA_3459 | ||
| 005 | 20190320204308.0 | ||
| 041 | _afre | ||
| 044 | _afr | ||
| 084 |
_a748 _b.L435 _c1726 |
||
| 245 | 1 | 0 |
_aSuite Nouvelle et Véritable de l´Histoire et des Avantures de l´Incomparable Don Quichotte de la Manche _cTraduite d´un Manuscrit Espagnol de Cid-Hamet Benengely son veritable Historien. |
| 260 |
_aParís _bCharle le Clerc _c1726 |
||
| 300 |
_a6 v. _bil. _c17 cm. |
||
| 500 | _aContenido : v.1. Prefacio. Texto | ||
| 500 | _aEs una disparatada continuación de la obra cervantina hecha por autor anónimo, en la cual D. Quijote y Sancho se dedican a la vida pastoril hasta el momento que aquél fue llamado por el rey. Éste le encarga una serie de aventuras caballerescas durante las cuales el caballero andante mata a un gigante y rescata un tesoro para el monarca, y liberta a Dulcinea que era esclava de un rey moro. Después de varias otras correrías, llega la pareja andantesca al castillo de los Duques los cuales hacen de nuevo gobernador a Sancho Panza, haciendo éste mil ridículas proezas al igual que su amo quien, poco después, muere. Pero Sancho, merced a su yerno que era el Conde de Blandanda, fue alcalde de dicho lugar, y si en la Ínsula Barataria acreditóse como guardador de la justicia, esta vez se desacreditó de tal manera que se vio precisado a abandonar dicho pueblo renunciando para siempre a los deseos de gobernar Lúdovik Osterc | ||
| 500 | _aQM259A | ||
| 546 | _aTexto en : francés | ||
| 650 | 1 | 4 |
_aNovela española _yÉpoca clásica, 1500-1700 _9215 |
| 650 | 1 | 4 |
_aLiteratura española _yÉpoca clásica, 1500-1700 _9216 |
| 650 | 1 | 4 |
_aNovela española _ySiglo XVII _9217 |
| 650 | 1 | 4 |
_aDon Quijote (Personaje ficticio) _eNovela _9218 |
| 700 | 1 |
_aCide Hamete Benengeli (Personaje ficticio) _99036 |
|
| 740 | 0 | _aEl Ingenioso Hidalgo Don Quijote de la Mancha | |
| 902 | _aQFM | ||
| 942 |
_2lcc _cB |
||
| 999 |
_c3195 _d3195 |
||